000 00265 a2200109 4500
001 63938
082 _a629.8 JOH
090 _c37786
_d37786
100 _aJohnson,M.A
245 _aPID Control: New Identification and design methods
260 _aUK
_bSpringer
_c2005
942 _aNUST-CAE
_k629.8 JOH
999 _c299011
_d299011